[Event "RUS-chT 05th"]
[Site "Maikop"]
[Date "1998.06.07"]
[Round "5"]
[White "Notkin, Maksim"]
[Black "Makarov, Marat"]
[Result "1/2-1/2"]
[WhiteElo "2505"]
[BlackElo "2540"]
[Annotator "Huzman,A"]
[PlyCount "58"]
[EventDate "1998.06.03"]
[EventType "team-tourn"]
[EventRounds "11"]
[EventCountry "RUS"]
[SourceTitle "CBM 066"]
[Source "ChessBase"]
[SourceDate "1998.09.30"]
[SourceVersion "1"]
[SourceVersionDate "1998.09.30"]
[SourceQuality "1"]
[WhiteTeam "Moscow Apiko-Yakimanka"]
[BlackTeam "Elista Uralan"]
[WhiteTeamCountry "RUS"]
[BlackTeamCountry "RUS"]

1. d4 d5 2. c4 dxc4 3. e4 e5 4. Nf3 exd4 5. Bxc4 Nc6 6. O-O Be6 7. Bxe6 fxe6 8.
Qb3 Qd7 9. Qxb7 Rb8 10. Qa6 Nf6 11. Qd3 Bd6 12. Nbd2 O-O (12... a5 13. a3 O-O
14. b3 Ng4 15. h3 Nge5 16. Nxe5 Bxe5 17. Nc4 Bf4 18. Bxf4 Rxf4 $11 {1/2-1/2
Dreev,A-Rublevsky,S/President's Cup 1998 (38)}) 13. h3 $146 (13. a3 Ng4 (13...
a5 14. b3 Kh8 15. h3 Nh5 16. Nc4 Bf4 17. g3 Bxc1 18. Raxc1 e5 19. Kg2 Qe6 20.
Ncd2 Rb6 21. Rc5 Rfb8 22. Rfc1 $16 {1-0 Dreev,A-Rublevsky,S/President's Cup
1998 (31)}) 14. b3 Nce5 15. Nxe5 Bxe5 16. g3 Qf7 17. f4 Ne3 18. Nc4 Nxc4 19.
Qxc4 Bd6 20. e5 Be7 21. b4 c5 $132 {1/2-1/2 Dreev,A-Rublevsky,S/President's
Cup 1998 (29)}) 13... e5 (13... Nb4 $6 14. Qc4) 14. Nc4 Kh8 (14... Nb4 15. Qb3
(15. Qd1 Qe6) 15... Kh8 (15... Nbd5 16. Qd1 $1 $16 {[%csl Re5]}) 16. a3 (16.
Nfxe5 Bxe5 17. Nxe5 Qe8 18. Nd3 Nxd3 19. Qxd3 Qxe4 $132) 16... Na6 17. Qc2 Qe7
18. b4 $14 {[%csl Ra6]} c5 $140 19. Qa4) 15. Bd2 Qe6 {[%cal Ye6c4,Ye6e5]} 16.
Rac1 {The white blocked the black pawns and are ready to begin the attack on
them.The advantage is on the side of the white.} Bb4 17. a3 (17. Bg5 Nd7 {
[%cal Yd7c5]} 18. a3 Be7 19. Bxe7 Nxe7 {[%cal Ye7g6,Yg6f4]} 20. b4 c5 (20...
Ng6 $5) 21. b5 Ng6 $17) 17... Bxd2 18. Ncxd2 $1 (18. Nfxd2 Nh5 $36 {[%cal
Yh5f4] /-/+}) 18... Rxb2 19. Qc4 $1 Nd8 (19... Qxc4 20. Rxc4 Nd8 21. Rxc7 $14 {
[%csl Re5][%cal Gc7a7,Gf1c1,Gc1c8]}) 20. Qxc7 (20. Rfd1 $5 Rb7 21. Qxe6 Nxe6
22. Nxe5 c5 23. Nd3 $14) 20... Nf7 21. Qxa7 h6 (21... Nd6 22. Rc5 $16) (21...
Rbb8 22. Rc7 Ra8 23. Qc5 $16) 22. Rc7 {[%cal Gf1c1,Gc1c6,Ga7g7]} Nh5 {[%cal
Yh5f4]} 23. Qc5 (23. Nc4 $1 Rbb8 24. Qc5 Rbe8 25. Rc6 $16 {/+-}) 23... Rbb8 24.
Nxd4 exd4 25. Qxh5 Ng5 $132 {[%cal Yd4d3]} 26. Rc5 (26. Qe2 Qd6 27. Ra7 Rb2 28.
Rd1 Qf4 $132) 26... Qa2 $1 27. Rxg5 (27. Rd1 Rb2 28. Rxg5 Rxd2 29. Rxd2 Qxd2
30. Rf5 Rxf5 31. Qxf5 d3 $11) 27... Qxd2 {[%cal Yd4d1]} 28. Rg4 (28. Rd5 Rxf2
29. Rxf2 Rb1+ 30. Kh2 Qxf2 $11) (28. Rf5 $5 Rxf5 (28... Rfd8 29. Rf7 d3 30. Qg6
Qc3 $132) 29. Qxf5 d3 30. Qf3 $16) 28... d3 29. Qe5 Rb7 1/2-1/2

[Event "EU-chT (Men) 12th"]
[Site "Batumi"]
[Date "1999.12.07"]
[Round "9.4"]
[White "Ivanisevic, Ivan"]
[Black "Sakalauskas, Vaidas"]
[Result "1/2-1/2"]
[WhiteElo "2447"]
[BlackElo "2450"]
[Annotator "Huzman,A"]
[PlyCount "147"]
[EventDate "1999.11.06"]
[EventType "team-swiss"]
[EventRounds "9"]
[EventCountry "GEO"]
[SourceTitle "CBM 074"]
[Source "ChessBase"]
[SourceDate "2000.02.01"]
[SourceVersion "1"]
[SourceVersionDate "2000.02.01"]
[SourceQuality "1"]
[WhiteTeam "Yugoslavia"]
[BlackTeam "Lithuania"]
[WhiteTeamCountry "YUG"]
[BlackTeamCountry "LTU"]

1. d4 d5 2. c4 dxc4 3. e4 e5 4. Nf3 exd4 5. Bxc4 Nc6 6. O-O Be6 7. Bb5 Bc5 8.
b4 Bb6 9. a4 $146 (9. Bb2 Nge7 (9... Qd6 10. a4 Nge7 11. a5 Qxb4 12. Qe2 d3 13.
Bxd3 Nd4 14. Bxd4 Bxd4 15. Ra4 Bxf2+ 16. Rxf2 $16 {1/2-1/2 Yuferov,S-Ibragimov,
I/St Petersburg 1996/CBM 52/ (100)}) 10. Bxd4 (10. Nxd4 O-O 11. Nxc6 Nxc6 12.
Bxc6 Qxd1 (12... bxc6 13. Qc2 a5 14. a3 Qg5 15. Qxc6 Rad8 16. Nc3 axb4 17. axb4
Rd4 18. Ra8 Bh3 19. g3 Rxa8 20. Qxa8+ Rd8 21. Ra1 h6 22. Qa4 Qf6 {0-1
Rakhmangulov,A-Svetushkin,D/Alushta 1999/CBM 70 (22)}) 13. Rxd1 bxc6 14. Nd2 a5
15. a3 {1/2-1/2 Van Wely,L-Sermek,D/Mitropa Cup 1995/CBM 46 ext (15)}) 10...
O-O 11. Bc5 Bxc5 12. bxc5 a6 13. Bxc6 Nxc6 14. Nc3 Qe7 15. Nd5 Qxc5 16. Nxc7
Rad8 17. Nxe6 fxe6 18. Qb3 $14 {1-0 Beliavsky,A-Sherbakov,R/Niksic 1996/EXT
2000/ (42)}) 9... a5 (9... a6 10. Bxc6+ bxc6 11. Bb2 (11. a5 Ba7 12. Qd3 c5 $13
(12... Ne7 13. Rd1 c5 14. bxc5 Bxc5 15. Ba3 $36)) 11... Qd6 $13) 10. bxa5 (10.
Bb2 $5 axb4 (10... Bg4 11. bxa5 Rxa5 12. Nbd2 $44) 11. Nxd4 Bxd4 12. Bxd4 Nf6
$17) 10... Rxa5 11. Ng5 Qd7 (11... Bd7 12. Na3 Ne5 13. Bf4 c6 14. Bxe5 Qxg5 15.
f4 Qg6 16. Bd3 $36 (16. Nc4 $5 cxb5 17. Nxb6 Qxb6 18. Bxg7 $16)) 12. Nd2 Nge7
13. f4 (13. Nxe6 $1 fxe6 (13... Qxe6 14. Nc4 Rxb5 (14... Ra8 15. Nxb6 cxb6 16.
Qxd4 $16) 15. axb5 Qxc4 16. bxc6 Nxc6 17. Qg4 $1 O-O 18. Bh6 g6 19. Bxf8 Kxf8
20. Qc8+ Kg7 21. Ra8 $40) 14. Nc4 Ra8 15. Ba3 $44 (15. Ne5 Qd6 16. Nc4 Qd7 $11)
) 13... Bg4 (13... d3+ 14. Kh1 Bd4 15. Nxe6 $1 Bxa1 (15... Qxe6 16. Ra3 O-O 17.
Rxd3 $16) 16. Nc5 Qc8 17. Ndb3 $16) 14. Qb3 O-O 15. Nc4 d3+ 16. Kh1 (16. Nxb6
$2 Qd4+ 17. Kh1 Qxa1 $19) 16... Be2 17. Bb2 $1 h6 (17... Bxf1 18. Rxf1 h6 (
18... d2 19. Nxa5 Bxa5 20. Bc4 Nd8 21. e5 $36) 19. Nxa5 (19. Nxb6 cxb6 20. Qc3
f6 21. Qb3+ Kh8 22. Nf7+ Kh7 23. Bxd3 (23. e5 d2 24. exf6 gxf6 $17) 23... Ng6
$17) (19. Qc3 $5 Qd4 20. Qb3 $11) 19... Bxa5 20. Nf3 d2 21. f5 $44) 18. Nxb6 $1
(18. Qc3 Bd4 19. Qxa5 (19. Qxd4 Qxd4 20. Bxd4 Rxb5 $1 21. Bxg7 Rc5 $19) 19...
Bxf1 20. Rxf1 Nxa5 21. Bxd7 Nxc4 22. Bxd4 Rd8 $19) 18... cxb6 19. Qc3 Qd4 (
19... f6 20. Qb3+ Kh8 21. Ne6 Rc8 22. Rfb1 $44) 20. Qd2 $1 (20. Qxd4 Nxd4 21.
Bxd4 Bxf1 22. Bxb6 Rxb5 23. axb5 Be2 24. Nf3 f5 $1 $17) 20... Qd6 21. f5 (21.
Rfe1 Rd8 22. Nf3 Bxf3 23. gxf3 Ng6 24. Rg1 Nd4 $17) 21... Bxf1 (21... hxg5 $1
22. f6 (22. Qxg5 Qh6 $19) 22... Bxf1 23. Rxf1 Ng6 $19) 22. Rxf1 Ne5 $2 (22...
hxg5 $19) 23. Nf3 Rxb5 (23... N7c6 24. Qc3 Re8 25. Rd1 $132) 24. axb5 Nc4 25.
Qc3 Nxb2 26. Qxb2 Rd8 27. e5 Qd5 28. f6 Nf5 $17 29. Qd2 Qe4 (29... g5 $5 30.
Nxg5 Qxe5 $17) 30. Re1 Qc4 31. fxg7 Qc2 32. Rd1 Qxd2 33. Rxd2 Rd5 34. Kg1 Ne3
35. Ne1 Rxe5 36. Rxd3 Ng4 37. Nf3 Rxb5 $17 38. g3 Ne5 (38... Kxg7 $142 $17) 39.
Nxe5 Rxe5 40. Rd7 Re2 (40... Kxg7 41. Rxb7 b5 $5) 41. Rd6 Re6 42. Rd7 Rf6 43.
Rxb7 Kxg7 44. Kg2 Kg6 45. Kh3 Rc6 46. Rb8 Kg7 47. Rb7 Kf6 48. Kh4 Kg6 49. Kh3
f5 50. Rb8 Rd6 51. Rb7 Kf6 52. Kh4 Ke5 53. Kh5 Rf6 54. Rd7 Ke4 55. Rd8 Ke5 56.
Rd7 f4 57. gxf4+ Kxf4 58. Rg7 Ke5 59. Rd7 Rd6 60. Rb7 Kd5 61. h4 Re6 62. Rb8
Rf6 63. Rc8 Ke5 ({It is very strange that Black had not used their winning
chances trying to move passed pawn"b" into queen.} 63... b5 64. Rb8 Kc4 65.
Rc8+ Kb3 66. Rb8 (66. Kg4 b4 67. h5 Ka4 68. Ra8+ Kb5 69. Rb8+ Rb6 $19) 66... b4
67. Rb7 Kc3 68. Rc7+ Kb2 69. Rb7 b3 70. Rb8 Kc2 71. Rc8+ Kb1 72. Rb8 b2 73. Rb7
Rf4 74. Rb6 Kc2 75. Rc6+ Kb3 $19) 64. Rb8 Rd6 65. Re8+ Kd5 66. Rb8 Rf6 67. Rd8+
Ke6 68. Rb8 Ke5 69. Re8+ Re6 70. Rb8 Rf6 71. Re8+ Kd5 72. Rb8 Kc5 73. Rh8 b5
74. Rxh6 1/2-1/2

[Event "Chigorin Memorial 07th"]
[Site "St Petersburg"]
[Date "1999.11.08"]
[Round "7"]
[White "Loginov, Anton"]
[Black "Donchenko, Anatoly G"]
[Result "1-0"]
[WhiteElo "2348"]
[BlackElo "2413"]
[Annotator "Huzman,A"]
[PlyCount "61"]
[EventDate "1999.11.02"]
[EventType "swiss"]
[EventRounds "9"]
[EventCountry "RUS"]
[SourceTitle "CBM 074"]
[Source "ChessBase"]
[SourceDate "2000.02.01"]
[SourceVersion "1"]
[SourceVersionDate "2000.02.01"]
[SourceQuality "1"]

1. d4 d5 2. c4 dxc4 3. e4 Nc6 4. Nf3 Bg4 5. d5 Bxf3 6. gxf3 (6. Qxf3 Nd4 7. Qc3
e5 8. Qxc4 (8. dxe6 $4 Bb4 $19)) 6... Ne5 7. Nc3 e6 8. f4 Nd3+ 9. Bxd3 cxd3 10.
dxe6 fxe6 11. Qh5+ (11. Qb3 Qd7 12. Qxb7 Rd8 13. Bd2 Bc5 $36) 11... Kd7 $2 (
11... g6 $1 12. Qe5 Nf6 (12... Qf6 13. Qb5+ c6 14. Qxb7 Rd8 15. Qxc6+ $16) 13.
Qxe6+ (13. Nd5 Nxd5 14. Qxh8 Nb4 $44) (13. Nb5 Bb4+ 14. Bd2 Bxd2+ 15. Kxd2 O-O
$17) 13... Qe7 (13... Be7 14. Be3 Qc8 15. Qc4 $14) 14. Qxe7+ Bxe7 $11) 12. Be3
c6 (12... Nf6 13. Qb5+ Kc8 14. O-O-O $16) 13. O-O-O Kc7 14. Rxd3 $5 (14. Qa5+
b6 15. Qe5+ Qd6 16. Rxd3 Qxe5 17. fxe5 Rd8 18. Rxd8 Kxd8 19. Rd1+ Ke8 (19...
Kc7 20. Ne2 $16) (19... Ke7 20. Rd6 c5 21. Nb5 $18) 20. Ne2 $16) (14. Qe5+ $1
Qd6 15. Rxd3 Qxe5 16. fxe5 Rd8 17. Rxd8 Kxd8 18. Bxa7 $16) 14... Qxd3 15. Rd1
Qxd1+ (15... Qc4 16. Qe5+ Kc8 17. b3 $18) (15... Nf6 16. Qa5+ b6 17. Bxb6+ axb6
18. Qxa8 Qc4 19. Rd8 Qf1+ 20. Kc2 Qxf2+ 21. Kb3 $18) 16. Kxd1 Nf6 17. Qf7+ Nd7
18. Ke2 (18. Ne2 $5 c5 19. Qxe6 $16) 18... Bb4 19. e5 Bxc3 20. bxc3 Rae8 21.
Bc5 $16 {This move paralises black pieces and gives White opportunity to lead
winning plan without any problems.} (21. Qxg7 $5 $16) 21... g6 22. Bd6+ Kc8 23.
h4 Kd8 24. a4 b6 25. Ke3 Kc8 26. h5 Kd8 (26... gxh5 27. f5 exf5 28. e6 $18) 27.
a5 bxa5 (27... b5 28. a6 Kc8 29. Be7 $18) 28. h6 Kc8 29. Kd2 Rd8 30. Kc2 Kb7
31. Be7 1-0

[Event "EU-chT (Men) 12th"]
[Site "Batumi"]
[Date "1999.12.01"]
[Round "3.1"]
[White "Piket, Jeroen"]
[Black "Kortschnoj, Viktor Lvovich"]
[Result "1/2-1/2"]
[WhiteElo "2635"]
[BlackElo "2676"]
[Annotator "Huzman,A"]
[PlyCount "47"]
[EventDate "1999.11.06"]
[EventType "team-swiss"]
[EventRounds "9"]
[EventCountry "GEO"]
[SourceTitle "CBM 074"]
[Source "ChessBase"]
[SourceDate "2000.02.01"]
[SourceVersion "1"]
[SourceVersionDate "2000.02.01"]
[SourceQuality "1"]
[WhiteTeam "Netherlands"]
[BlackTeam "Switzerland"]
[WhiteTeamCountry "NED"]
[BlackTeamCountry "SUI"]

1. d4 d5 2. c4 dxc4 3. e4 Nf6 4. e5 Nd5 5. Bxc4 Nb6 6. Bb3 Nc6 7. Ne2 Bf5 8.
Nbc3 e6 9. a3 Qd7 10. O-O O-O-O 11. Be3 f6 12. exf6 gxf6 13. Ng3 (13. Re1 Na5 (
13... h5 14. Ng3 Bg4 15. f3 h4 16. fxg4 hxg3 17. h3 Nxd4 18. Bxd4 Qxd4+ 19.
Qxd4 Rxd4 20. Bxe6+ Kb8 21. Ne4 $16 {1-0 Sorin,A-Gomez Baillo,J/Villa Martelli
1998/EXT 99 (52)}) 14. Bf4 e5 15. Be3 h5 16. Rc1 Nbc4 17. Bxc4 Nxc4 18. Qb3
Nxe3 19. fxe3 Be6 $1 20. Qb5 Bh6 21. Qxd7+ Rxd7 $17 {0-1 Epishin,V-Kortschnoj,
V/St Petersburg 1997/CBM 59/(65)}) (13. Na4 h5 14. Rc1 h4 15. Nc5 Bxc5 16. Rxc5
Kb8 17. Bc2 $2 Ne7 18. Nf4 Rhg8 19. Bxf5 Nxf5 20. Qf3 Nd5 21. Nxd5 exd5 $13 {
0-1 Beliavsky,A-Kortschnoj,V/Pula 1997/CBM 57 ext/ (43)}) (13. Rc1 h5 14. Ng3
Bg6 15. Qf3 Be7 16. Nge4 Bf5 17. h3 h4 18. Rfd1 Qe8 19. d5 Ne5 20. Qe2 Nxd5 21.
Rxd5 exd5 22. Nxd5 c6 23. Bxa7 $40 {1-0 Adianto,U-Ibragimov,I/Biel 1997/CBM 60
ext (32)}) 13... Nxd4 (13... Bg6 14. Qf3 (14. Nge4 Nd5 15. Nxd5 exd5 16. Nc3
Qf5 17. Rc1 Bh5 18. Bc2 Qg4 19. Qxg4+ Bxg4 20. f3 Be6 21. Rfe1 $16 {1-0 Hoang
Thang Trang-Nguyen Thi Tuong Van/Calicut IND 1998 (47)}) (14. Qe2 Kb8 15. Rfd1
Ne7 16. Nge4 Ned5 17. Nc5 Qe8 18. Rac1 Bh5 19. f3 Rg8 20. Nxd5 Nxd5 21. Bxd5
exd5 22. Re1 Bd6 23. Nd3 Qe6 24. Kh1 Rde8 25. Qd2 Bxf3 $1 $19 {0-1 Mohr,
S-Huebner,R/SUI 1996/CBM 55 ext (26)}) 14... Be7 15. Rac1) 14. Bxd4 Qxd4 15.
Nb5 (15. Nxf5 exf5 (15... Qe5 $2 16. Re1 $1 Rxd1 17. Raxd1 Qxe1+ 18. Rxe1 exf5
19. Re8+ Kd7 20. Rb8 Bg7 (20... Kc6 21. Bd1 $1 $16) 21. Rxb7 Re8 22. Kf1 $16)
16. Qxd4 Rxd4 17. Be6+ Kb8 18. Rfd1 Rxd1+ 19. Rxd1 Bd6 20. Bxf5 Be5 $1 $132)
15... Qxd1 (15... Qd3 16. Nxf5 exf5 17. Be6+ (17. Nxa7+ Kb8 18. Nb5 $14) 17...
Kb8 18. Qxd3 Rxd3 19. Rad1 Rxd1 20. Rxd1 $16) 16. Rfxd1 Bc5 17. Nxf5 exf5 (
17... Rxd1+ 18. Rxd1 exf5 19. Nxa7+ Kb8 20. Nb5 $14) 18. Rdc1 (18. Nxa7+ Kb8
19. Nb5 c6 20. Nc3 Bd4 $1 $132) (18. Be6+ Kb8 19. b4 Be7 20. Bxf5 c6 21. Nc3 (
21. Nd4 c5 $132) 21... Bd6 $1 $132 {[%cal Yd6e5]}) 18... Bd6 19. Be6+ Kb8 20.
Nxd6 (20. Bxf5 $6 Be5 21. Rc2 $2 (21. Nc3 Nc4 $17) 21... Rd5 $1 $19) 20... Rxd6
21. Bxf5 Rd5 22. Be6 (22. g4 h5 $132) 22... Rd2 23. b4 (23. b3) 23... Rhd8 24.
h4 1/2-1/2

[Event "EU-chT (Men) 12th"]
[Site "Batumi"]
[Date "1999.12.02"]
[Round "4.2"]
[White "Ilincic, Zlatko"]
[Black "Hillarp Persson, Tiger"]
[Result "0-1"]
[WhiteElo "2577"]
[BlackElo "2507"]
[Annotator "Huzman,A"]
[PlyCount "72"]
[EventDate "1999.11.06"]
[EventType "team-swiss"]
[EventRounds "9"]
[EventCountry "GEO"]
[SourceTitle "CBM 074"]
[Source "ChessBase"]
[SourceDate "2000.02.01"]
[SourceVersion "1"]
[SourceVersionDate "2000.02.01"]
[SourceQuality "1"]
[WhiteTeam "Yugoslavia"]
[BlackTeam "Sweden"]
[WhiteTeamCountry "YUG"]
[BlackTeamCountry "SWE"]

1. d4 d5 2. c4 dxc4 3. e4 c5 4. d5 Nf6 5. Nc3 b5 6. e5 b4 7. exf6 bxc3 8. bxc3
Nd7 9. Qa4 exf6 10. Bf4 Qb6 11. Bxc4 Bd6 12. Ne2 Bxf4 (12... O-O 13. O-O Ne5
14. Bxe5 Bxe5 15. Rab1 Qc7 16. f4 Bd6 17. Qc6 $14 {1-0 Granda Zuniga,
J-Vladimirov,E/Tilburg 1992/CBM 32/ (62)}) 13. Nxf4 Qd6 14. O-O O-O 15. Bd3 g6
(15... Nb6 16. Qe4 f5 17. Qf3 c4 18. Bc2 g6 19. Rfd1 Bb7 20. Qg3 Rfd8 21. Bxf5
Nxd5 22. Nxd5 Bxd5 23. Qxd6 Rxd6 24. Bc2 {0,5/Rashkovsky,N-Grigorian,K/URS-ch/
1973/}) 16. Rad1 (16. Qc6 $2 Qxf4 17. Qxa8 Ne5 18. Bb5 Nf3+ $1 19. gxf3 Bh3 $19
) 16... Nb6 17. Qe4 Bf5 18. Qf3 Bxd3 19. Rxd3 Rfe8 $17 {The passed pawn d5 is
the weakness as it cannot be protected by pawn c3. Black is controlling file
"e".White has no counterplay.This factors determine the advantage of White} 20.
g3 Re5 21. h4 Rae8 22. h5 $6 {By this move White only helps Black.Along the
opened line "h" great problems are waiting for them.} f5 23. hxg6 hxg6 24. Kg2
Nc4 25. Rdd1 (25. Rh1 $2 Re4 $1 26. Qd1 (26. Rdd1 Ne5 $19) 26... Nb2 $19) 25...
Re4 26. Kg1 Kg7 27. Qh1 Rh8 28. Qg2 g5 $1 29. Nd3 (29. Nh3 Qh6 30. d6 g4 31.
Nf4 Ne5 $19) 29... Qxd5 $19 30. Nb2 Qe6 31. Nxc4 Qxc4 32. Qf3 Qe6 33. Rd2 g4
34. Qg2 Rh3 35. f3 Re3 36. Rc2 Qe5 {[%mdl 4]} 0-1

[Event "RUS-ch KO"]
[Site "Moscow"]
[Date "1999.12.22"]
[Round "4.4"]
[White "Sakaev, Konstantin"]
[Black "Ibragimov, Ildar"]
[Result "1-0"]
[WhiteElo "2648"]
[BlackElo "2554"]
[Annotator "Huzman,A"]
[PlyCount "75"]
[EventDate "1999.12.04"]
[EventType "k.o."]
[EventRounds "6"]
[EventCountry "RUS"]
[SourceTitle "CBM 075"]
[Source "ChessBase"]
[SourceDate "2000.04.05"]
[SourceVersion "1"]
[SourceVersionDate "2000.04.05"]
[SourceQuality "1"]

{[%mdl 1]} 1. d4 d5 2. c4 dxc4 3. e4 c5 4. d5 Nf6 5. Nc3 b5 6. Bf4 Ba6 7. e5 b4
8. e6 $1 $146 {[%mdl 8] An incredible move! White doesn`t take a piece,leave
its own under attack,but just make''positional move".} (8. exf6 bxc3 9. bxc3
Qa5 10. Qf3 Nd7 11. fxe7 Bxe7 12. d6 Bd8 $8 13. Qe4+ Kf8 14. Rc1 Rb8 15. Be2
Bf6 16. Kf1 Re8 17. Qc2 Ne5 $15 {1-0 Adianto,U-Granda Zuniga,J/Amsterdam 1996/
CBM 55/ (38)}) 8... fxe6 $6 ({Correctness of White`s idea depends on
assessment of this line} 8... Qa5 $5 9. Qa4+ (9. exf7+ Kxf7 10. Ne4 Nxe4 11.
Qf3 Nf6 12. d6 c3 $19) 9... Qxa4 10. Nxa4 c3 (10... Nxd5 11. Bxb8 (11. Nh3 c3
12. bxc3 Bxf1 13. Rxf1 bxc3 14. Nxc5 $44) 11... Rxb8 12. Nxc5 Bb5 13. a4 bxa3
14. Rxa3 $44) 11. bxc3 Bxf1 12. Kxf1 Nxd5 13. Ne2 $44) (8... bxc3 9. Qa4+ Nbd7
10. Qxa6 Nxd5 11. exd7+ Qxd7 12. O-O-O $16) 9. Qa4+ Qd7 $2 (9... Nbd7 $2 10.
dxe6 bxc3 11. Qxa6 cxb2 12. Rd1 $16) (9... Nfd7 10. dxe6 bxc3 11. bxc3 Qb6 12.
Bxc4 Bxc4 13. exd7+ Nxd7 14. Qxc4 $14 {/+/-}) (9... Kf7 $1 10. dxe6+ Kg8 (10...
Kxe6 $2 11. Bxb8 $18) 11. Nb5 Qe8 (11... Nd5 12. Bxb8 (12. O-O-O Qb6) 12...
Bxb5 13. Qxb5 Qxb8 14. Qxb8 Rxb8 15. Bxc4 Nb6 16. Rc1 g6 $14) 12. Bxc4 Bb7 $132
) 10. dxe6 Qxa4 11. Nxa4 $16 {[%csl Rc4,Rc5,Rf8]} Bb5 (11... c3 12. bxc3 Bxf1
13. Kxf1 Nd5 14. Ne2 $16) (11... Ne4 12. f3 Bb5 13. fxe4 Bxa4 14. Bxc4 Nc6 15.
b3 Na5 16. Bd5 Bc6 17. Rc1 $16) 12. Nxc5 Nc6 (12... Nd5 13. Bg3 Na6 14. Nb3 $1
$16 {[%cal Gb3d4]}) 13. Rc1 Nd5 14. Bxc4 Bxc4 15. Rxc4 $16 Nxf4 16. Rxf4 g5 17.
Rc4 Bg7 18. Nf3 (18. Na6 $6 Ne5) (18. h4 $5) 18... Ne5 (18... g4 $1 19. Na6 (
19. Rxg4 Bxb2 20. Ke2 $16) 19... gxf3 20. Rxc6 (20. Nc7+ Kd8 21. Nxa8 Ne5 22.
Rd4+ Kc8 $132) 20... fxg2 21. Rg1 Rd8 (21... O-O 22. Rxg2 $18) 22. Rxg2 Bxb2
23. Nxb4 $16) (18... Bxb2 19. Na4 $1 Ne5 20. Nxb2 Nxc4 21. Nxc4 $18) 19. Nxe5
Bxe5 20. Nd3 Bd6 21. h4 $1 $18 gxh4 22. Rcxh4 a5 23. Rxh7 Rg8 24. g3 O-O-O 25.
Ke2 Kb7 26. R7h4 Rg6 27. Re4 Rg5 28. g4 Rd5 29. Rd1 Kb6 30. b3 Rc8 31. Rd2 Kb5
32. Nb2 Rxd2+ 33. Kxd2 Bc5 34. Nd3 Bd6 35. f4 a4 36. g5 a3 37. f5 Rf8 38. f6 (
38. f6 exf6 39. gxf6 Rxf6 40. e7 $18) 1-0

[Event "Najdorf Memorial 8th"]
[Site "Buenos Aires"]
[Date "1997.05.27"]
[Round "8"]
[White "Adianto, Utut"]
[Black "Wolff, Patrick G"]
[Result "0-1"]
[WhiteElo "2615"]
[BlackElo "2575"]
[Annotator "Huzman,A"]
[PlyCount "78"]
[EventDate "1997.05.19"]
[EventType "tourn"]
[EventRounds "9"]
[EventCountry "ARG"]
[EventCategory "13"]
[SourceTitle "CBM 060"]
[Source "ChessBase"]
[SourceDate "1997.09.29"]
[SourceVersion "1"]
[SourceVersionDate "1997.09.29"]
[SourceQuality "1"]

1. d4 d5 2. c4 dxc4 3. e4 Nc6 4. Be3 Nf6 5. Nc3 ({Wolff} 5. f3 e5 6. d5 Ne7 (
6... Nd4 7. Bxd4 exd4 8. Qxd4 $14) 7. Bxc4 (7. Nc3 $142 Ng6 (7... c6 8. dxc6
Nxc6 9. Bxc4 (9. Qxd8+ Nxd8 10. Bxc4 Be6)) 8. Bxc4 a6) 7... Ng6 (7... c6 $1 8.
Nc3 (8. d6 Ng6 9. Qb3 (9. Bc5 Nd7 10. Ba3 (10. Be3 Qf6) (10. b4 b6) (10. Qb3
Qf6) 10... b5 11. Be2 a5 $1) 9... Qd7 10. Bc5 b5) (8. dxc6 Qxd1+ 9. Kxd1 Nxc6 {
[%csl Rd1]}) 8... cxd5 9. exd5 (9. Nxd5 $2 Nfxd5 $1 10. exd5 Nf5 11. Bf2 (11.
Qd2 $4 Qh4+) (11. Bb5+ Bd7 12. Bxd7+ Qxd7 {[%csl Rd5]}) 11... Bb4+ $17) 9...
Nf5 10. Bg5 $13) 8. Bb5+ (8. Nc3 a6 (8... Bd6 9. Bb5+) 9. Nge2 Bd6 10. Qd2 Bd7
11. Bb3 Qe7 $5 (11... h6) (11... b5 {Ivanchuk-Wolff,Biel1993})) 8... Nd7 9. Ne2
a6 10. Bd3 Bc5 (10... Bd6 $14 {Lalic-Miles,Hastings1995-1996}) 11. Qd2 (11. Qc1
Qh4+ $5 12. g3 Qf6 13. O-O (13. Bxc5 $2 Qxf3) 13... Qb6 14. Bf2 Bxf2+ 15. Rxf2
Nc5 16. Bc2 O-O $132 {[%cal Yf7f5]}) (11. Bxc5 Nxc5 12. Bc2 (12. O-O c6 13.
Nbc3 Qb6 $1 {[%cal Yb6b2,Yb6g1]}) 12... f5 $5 (12... O-O $5) (12... Qg5 $5) 13.
exf5 (13. b4 Nd7 14. exf5 Nh4 15. O-O Nf6) 13... Ne7 (13... Nh4 14. O-O Nxf5 (
14... Bxf5 $4 15. Bxf5 Nxf5 16. Qc2 $18) 15. b4 $1 Ne3 16. Qc1 Nxc2 17. Qxc2
$14) 14. b4 (14. Nbc3 Nxf5 15. b4 $2 Qh4+) 14... Nd7 $13 {[%cal Yd7f6]}) 11...
O-O 12. O-O c6 13. dxc6 (13. Nbc3 $2 Qg5) 13... Qb6 14. Bf2 Bxf2+ 15. Rxf2 Qxc6
$11 (15... Nc5 $5)) 5... e5 6. d5 Na5 7. Nf3 Bd6 (7... Ng4 8. Bg5 f6 {
Beliavski-Miles (Groningen 1994)}) (7... a6 {Kamsky-Salov ,Sanghi Nagar 1995,}
8. Qa4+ $2 Bd7 9. Qxa5 b6) 8. Bxc4 (8. Qa4+ Bd7 $1 9. Qxa5 a6 10. Nb1 $2 (10.
Bc5 b6 11. Bxd6 bxa5 12. Bxe5 $19) (10. b4 b6 11. Qa3 a5 12. Qc1 axb4 13. Nd1
b5 $44) (10. Nd1 Nxe4) (10. Na4 Qe7 $1 11. a3 Nxe4 12. Bxc4 b5 13. Bb3 bxa4 14.
Bxa4 O-O {/\ f7-f5 -/+}) 10... Nxe4 11. Kd1 $2 (11. b4) 11... c3 $1 {Ein
Killer! 0-1 Illescas,M-Sadler,M/Linares zt 1995}) (8. Nd2 Ng4 $5 9. Qa4+ c6 10.
b4 cxb3 11. axb3 Nxe3 12. fxe3 Qb6 $1 $17) 8... Nxc4 9. Qa4+ c6 $1 (9... Bd7
10. Qxc4 a6 {[%cal Yb7b5,Yb5b4,Yd7b5]}) 10. Qxc4 (10. dxc6 $4 Nxe3 (10... b5
11. Nxb5 Nxe3 12. c7 Bb4+ $1 13. Ke2 (13. Qxb4 Nc2+) 13... Qe7 $1 (13... Qd7
14. Rad1 Nxd1 15. Rxd1) 14. Nd6+ Kf8 15. Qxb4 Nc4 $19) 11. cxb7+ Bd7 12. bxa8=Q
Qxa8 13. Qa6 Nxg2+ 14. Kf1 Nxe4 15. Nxe4 (15. Kxg2 Ng5) 15... Qxe4 16. Qxd6 (
16. Kxg2 Bh3+) 16... Ne3+ $1 17. fxe3 Qxf3+ $19) 10... cxd5 11. Nxd5 $6 (11.
exd5 $142 O-O 12. O-O $11 {/=/+}) 11... Nxd5 12. Qxd5 Bb4+ 13. Ke2 Qxd5 14.
exd5 f6 $15 15. a3 (15. Rhc1 {[%cal Gc1c7]} b6 16. Rc7 Ba6+ 17. Kd1 O-O $17 {
[%csl Rd5]}) 15... Bd6 (15... Be7 16. Rac1 {[%cal Gc2c7]}) 16. Nd2 b6 17. Ne4
Ba6+ (17... Kd7 $5 18. Nxd6 Kxd6 19. Rhd1 Bb7 20. Rd2 Rac8 $15) 18. Kf3 Be7 {
[%cal Yf6f5]} 19. g4 $1 h5 20. h3 g6 (20... Rd8 21. Rhd1 Bb7 22. Nc3 g6 $15)
21. Rhe1 (21. Nc3 $142 {[%cal Ga3a4,Gc3b5,Ga4a5]} f5 22. a4 Bc4 $15) 21...
hxg4+ $1 (21... f5 $2 22. gxf5 gxf5 23. Ng3 f4 (23... Bc8 24. Bd4 $1 exd4 25.
d6) 24. Bxf4 $1 exf4 25. Nf5 Rh7 26. d6) (21... Kd7 22. g5 f5 23. Nf6+ Bxf6 (
23... Kd6 24. Bd2) 24. gxf6 {[%csl Rg5]} Bc4 25. Rad1 Kd6 $15) 22. hxg4 Kd7 23.
Rh1 f5 24. Nc3 Bc4 $1 {[%csl Rd5]} 25. Rag1 Rag8 26. Rxh8 Rxh8 27. gxf5 gxf5
$17 28. Rg7 $2 (28. Rg6 $1 Bf1 $140 (28... Rh7 $5 {[%cal Ye7d6,Ye5e4]}) 29. Bh6
) 28... Bf1 $19 {[%csl Rf3]} 29. Rg6 Rh3+ 30. Rg3 Rh5 $1 (30... e4+ 31. Kf4
Bd6+ 32. Kxf5 Bxg3 33. fxg3 Rxg3 34. Kxe4 $17) 31. Rg7 Ke8 32. Rg1 (32. Bc1 e4+
(32... Bd6 $5 {/\33...RH3 34.Rg3 e4-+} 33. Ke3 Bf8 $19) 33. Kf4 (33. Ke3 Bg5+)
33... Bd6+ 34. Ke3 Rh3+ 35. Kd2 (35. Kd4 Rd3+ 36. Kc4 Rg3+) 35... Bf4+ 36. Ke1
(36. Kc2 Bd3+) 36... Bxc1 37. Kxf1 Bxb2 $19 {[%cal Yb2g7]}) 32... e4+ 33. Kg3
Bd6+ 34. f4 Rh3+ 35. Kf2 Rf3+ (35... Rxe3 $5 $19) 36. Ke1 Bd3 37. Kd2 $4 (37.
Nd1) (37. Bd2) (37. Bc1) 37... Rxe3 38. Rg5 Bxf4 39. Rxf5 Rf3+ 0-1